000 00615nam a2200217Ia 4500
003 OSt
005 20220927105238.0
006 a|||||r|||| 00| 0
007 ta
008 220926b |||||||| |||| 00| 0 eng d
024 _a187450
037 _cReference Collections
040 _aRTL
_cRTL
_beng
041 _2eng
_aeng
082 _a"X9(J).211.N94, N4"
245 0 _a"Season and crop report of Tamil Nadu,1992-93"
260 _aMadras
_bGovt of Tamil Nadu
_c1994
300 _a236p
_ccm.
942 _h"X9(J).211.N94, N4"
_cCC
999 _c691468
_d691468